[Event "Let's Play Chess!"]
[Site "http://www.queenalice.com/game.php?id=228786"]
[Date "2007.6.22"]
[Round "-"]
[White "spawnwolfwolverine"]
[Black "jcarlos"]
[Result "1-0"]
[WhiteElo "1797"]
[BlackElo "1571"]

1. c4 e5 2. e4 c5 3. d3 Nc6 4. g3 Nf6 5. Bg5 Be7 6. Bh3 Ng8 7. Bxe7 Ncxe7 8. Nf3
d6 9. Bxc8 Nxc8 10. O-O Nf6 11. a3 O-O 12. b4 Nb6 13. b5 Ng4 14. a4 a5 15. Nc3
f6 16. Nd5 Nxd5 17. cxd5 b6 18. Nh4 g5 19. Qxg4 Kf7 20. Qe6+ Kg7 21. Nf5+ Kg6
22. Qxd6 Qxd6 23. Nxd6 h5 24. Nc4 g4 25. Nxb6 Rad8 26. Nc4 f5 27. Nxe5+ Kg5 28.
f4+ Kf6 29. exf5 Kxf5 30. Nc4 Rfe8 31. Nxa5 Rxd5 32. Rad1 Rd4 33. b6 Rxa4 34.
Nc6 Re6 35. Ne5 Rxb6 36. Nd7 Rb5 37. Rc1 Ra2 38. Rxc5+ Rxc5 39. Nxc5 Ra3 40. d4
Ra5 41. Re1 Ra7 42. Re5+ Kg6 43. d5 Kf6 44. Re6+ Kf7 45. d6 Ra5 46. Re5 Ra1+ 47.
Kf2 Rd1 48. d7 Rd6 49. Rxh5 Ke7 50. Rg5 Rc6 51. Rg7+ Kd6 52. Ne4+ Kc7 53. f5 Kd8
54. Ng5 Rf6 55. Ne6+ Rxe6 56. fxe6 Kc7 57. Rxg4 Kd6 58. d8=Q+ Kxe6 59. Re4+ Kf5
60. Kf3 Kg6 61. h4 Kh5 62. Qg5# 1-0

[Event "Challenge"]
[Site "http://www.queenalice.com/game.php?id=229785"]
[Date "2007.6.23"]
[Round "-"]
[White "jcarlos"]
[Black "lica"]
[Result "1-0"]
[WhiteElo "1607"]
[BlackElo "1328"]

1. e4 e5 2. d4 Qh4 3. g3 Qxe4+ 4. Ne2 Qxh1 5. dxe5 Bb4+ 6. c3 Bc5 7. Be3 Bxe3 8.
fxe3 Ne7 9. g4 Qxh2 10. Na3 h5 11. g5 Qxe5 12. Qd4 Qxg5 13. O-O-O Nbc6 14. Qc4
Qxe3+ 15. Kb1 h4 16. Nc2 h3 17. Nxe3 h2 18. Ng3 b6 19. Bg2 a5 20. Bxc6 Nxc6 21.
Qe4+ Kd8 22. Qxc6 Rb8 23. Nef5 g6 24. Qf6+ 1-0

[Event "elciospy"]
[Site "http://www.queenalice.com/game.php?id=231091"]
[Date "2007.6.26"]
[Round "1"]
[White "claudiocaire"]
[Black "jcarlos"]
[Result "1-0"]
[WhiteElo "1509"]
[BlackElo "1622"]

1. e4 e5 2. Qh5 g6 3. Qxe5+ Qe7 4. Qxh8 Nf6 5. e5 Qxe5+ 6. Ne2 h5 7. d4 Qa5+ 8.
Bd2 Qf5 9. Bb4 d6 10. c4 a5 11. Ba3 Nc6 12. d5 Ne5 13. c5 b5 14. cxb6 cxb6 15.
Bxd6 Kd7 16. Qxf8 Bb7 17. Qe7+ Kc8 18. Qc7# 1-0

[Event "Challenge"]
[Site "http://www.queenalice.com/game.php?id=236427"]
[Date "2007.7.8"]
[Round "-"]
[White "jcarlos"]
[Black "Virgilio"]
[Result "0-1"]
[WhiteElo "1542"]
[BlackElo "1751"]

1. e4 e5 2. Qh5 Nc6 3. Bb5 g6 4. Qd1 Nf6 5. Bxc6 bxc6 6. f3 Nh5 7. g3 Bc5 8. Nh3
d6 9. d3 Bxh3 10. Nc3 O-O 11. Qe2 f5 12. Be3 Bxe3 13. Qxe3 f4 14. Qf2 fxg3 15.
hxg3 Bg4 16. f4 exf4 17. gxf4 Rxf4 0-1

[Event "Challenge"]
[Site "http://www.queenalice.com/game.php?id=238905"]
[Date "2007.7.12"]
[Round "-"]
[White "jcarlos"]
[Black "danniel"]
[Result "0-1"]
[WhiteElo "1560"]
[BlackElo "1609"]

1. e4 e6 2. d4 Nc6 3. d5 exd5 4. exd5 Nce7 5. Nc3 Nf5 6. Bd3 Bc5 7. Bxf5 Qe7+ 8.
Qe2 Qxe2+ 9. Ncxe2 d6 10. g4 h5 0-1